| 000 | 00846nam a2200181Ia 4500 | ||
|---|---|---|---|
| 008 | 090124s9999 xx 000 0 und d | ||
| 082 | _b132060 | ||
| 100 | _aपोतदार माधव रा. | ||
| 245 | _a भारताचा पहिला राष्ट्रपुरुष नामदार जगन्नाथ शंकरशेट | ||
| 250 | _a1 | ||
| 260 | _c2002 | ||
| 300 | _a272 | ||
| 600 | _aपोतदार माधव रा. | ||
| 630 | _a भारताचा पहिला राष्ट्रपुरुष नामदार जगन्नाथ शंकरशेट | ||
| 700 | _aपोतदार माधव रा. | ||
| 730 | _a भारताचा पहिला राष्ट्रपुरुष नामदार जगन्नाथ शंकरशेट | ||
| 942 | _cBOOK | ||
| 999 |
_c178149 _d178149 |
||